| 000 | 00718nam a2200253 a 4500 | ||
|---|---|---|---|
| 001 | BRCA_5819 | ||
| 005 | 20190320205227.0 | ||
| 008 | 120809s1949----fr a---###---#000-0#fre-# | ||
| 041 | _afre | ||
| 044 | _afr | ||
| 050 | 4 |
_aND553.F7 _b.F73 2 1949 |
|
| 245 | 1 | 0 |
_aFragonard, 1732-1806 _cedición de Jean Villain. |
| 260 |
_aParís _bBraun _cc1949 |
||
| 300 |
_a1 v. (sin paginación) _bil. _c17 cm. |
||
| 440 | 0 |
_aCollection ´Les Maitress´ _99366 |
|
| 500 | _aIncluye bibliografía | ||
| 500 | _aEjemplar igual a B281 | ||
| 500 | _aG29 | ||
| 600 | 1 | 4 |
_aFragonard, Jean Honore _d1732-1806 _99367 |
| 650 | 1 | 4 |
_aPintores franceses _97726 |
| 700 | 1 |
_aVillain, Jean _eEditor _914740 |
|
| 902 | _aGFM | ||
| 942 |
_2lcc _cB |
||
| 999 |
_c5508 _d5508 |
||